| 000 | 00353nam a22001457a 4500 | ||
|---|---|---|---|
| 020 | _a9788185749815 | ||
| 082 | _a621.31GUP | ||
| 100 | _aGupta J.B | ||
| 245 | _aBasic electrical engineering | ||
| 260 |
_aNew Delhi _bS.K.Kataria & Sons _c2001 |
||
| 300 |
_a576 _bP.B |
||
| 650 | _aElectrical engineering | ||
| 700 | _aJ.B.Gupta | ||
| 942 | _cBK | ||
| 999 |
_c490618 _d490618 |
||